| 000 | 00384nam a2200157Ia 4500 | ||
|---|---|---|---|
| 008 | 221030s9999 xx 000 0 und d | ||
| 020 | _a9788194833093 | ||
| 041 | _aEnglish | ||
| 100 | _aS. K. Kapoor | ||
| 245 | 0 |
_aLaw of Torts 11th Ed. _cby S. K. Kapoor |
|
| 250 | _a11th | ||
| 260 |
_bCentral Law Agency _aPrayagraj _c2021 |
||
| 300 | _a599 | ||
| 650 | _aTorts Law | ||
| 942 | _cBK | ||
| 999 |
_c18928 _d18928 |
||